000 01233nam0a2200313 4500
001 RU\NLR\bibl\400744
005 20260405073020.0
010 _a5-227-01891-X
_bЦентрполиграф
010 _a5-7589-0038-9
_bМиМ-Дельта
_99000
021 _aRU
_b2003-13570
_9626
035 _a(NLR Aleph) 000394918
090 _a538903
_c538903
100 _a20030520d2002 |||y0rusy50 ca
101 0 _arus
102 _aRU
105 _ay |||||||||
200 1 _aЕвропейская кухня
_fИлья Лазерсон
210 _aМ.
_cЦентрполиграф
_aСПб.
_cМиМ-Дельта
_d2002
215 _a200,[1] с.
_d20
225 1 _aИз классического кулинарного репертуара
606 0 _aЕвропейская кухня
_92095106
_3RU\NLR\auth\661267715
606 0 _aКулинарное производство
_xЕвропейская кухня
_91014658
_3RU\NLR\auth\66386801
686 _aЛ997(3)Европейская
700 1 _4070
_8rus
_7ca
_aЛазерсон
_bИ.И.
_gИлья Исаакович
_f1964-
_3RU\NLR\auth\7720043
_93111
801 0 _aRU
_bNLR
_c20030520
_gPSBO
801 1 _aRU
_bNLR
_c20030520
942 _cBOOK
980 _aNB